Life science; content and learning strategies /
Guardado en:
| Autor Principal: | |
|---|---|
| Otros Autores: | |
| Formato: | Libro |
| Publicado: |
Reino Unido :
Addisson-wesley,
1992
|
| Materias: | |
| Etiquetas: |
Agregar Etiqueta
Sin Etiquetas, Sea el primero en etiquetar este registro!
|
| LEADER | 01177nam a22003135a 4500 | ||
|---|---|---|---|
| 001 | CEM.cems016555 | ||
| 005 | 20111004110453.0 | ||
| 008 | 130507s1992##################000#0#####d | ||
| 003 | CEMS | ||
| 020 | |a 0801303478 | ||
| 082 | 0 | 4 | |a 428.64 |
| 100 | 1 | |a Bassano, Sharron | |
| 245 | 1 | 0 | |a Life science; content and learning strategies / |c Sharron Bassano y Mary Ann Christison |
| 260 | |a Reino Unido : |b Addisson-wesley, |c 1992 | ||
| 300 | |a 104 p. | ||
| 505 | 0 | |a Botany -- Angiosperms: the largest class of plants -- Zoology -- Mammals: animals we know best -- Human anatomy -- Skin, Muscles, and bones of the human body -- Human phisiology -- Digestion, respiration and circulation -- Human physiology -- The sense organs -- Human ecology -- Healthful living, nutrition an exercise | |
| 653 | |a Botany | ||
| 653 | |a Botánica | ||
| 653 | |a Zoology | ||
| 653 | |a Zoología | ||
| 653 | |a Human antomy | ||
| 653 | |a Anatomía humana | ||
| 653 | |a Human physiology | ||
| 653 | |a Fisiología humana | ||
| 653 | |a Human ecology | ||
| 653 | |a Nutrition | ||
| 653 | |a Nutrición | ||
| 700 | 1 | |a Christison, Mary Ann | |
| 859 | |a CEMS |b BIB. CEMS - Agricultura |h 428.64 |i B293 |p A17829.94 |t Ej.1 | ||
